000 00371nam a2200133 4500
005 20260530113909.0
100 1 _aNicole du Daussois
_933144
245 1 0 _aactividades en talleres para guarderĂ­as y preescolar
264 1 _bEdiutorial Cincel
_c1991
300 _a174 páginas
336 _atexto
_2rdacontent
337 _asin medio
_2rdamedia
338 _avolumen
_2rdacarrier
999 _c12060
_d12060